000 00942cam a22002533a 4500
001 32014
003 PGUSA
005 20140828083707.0
008 100416s2010||||xxu|||||s|||||000 1 eng d
040 _aPGUSA
_beng
042 _adc
050 4 _aPT
100 1 _aMeyrink, Gustav,
_d1868-1932
245 1 0 _aFledermäuse :
_bSieben Geschichten
_h[electronic resource] /
_cGustav Meyrink
260 _bProject Gutenberg,
_c2010
505 0 _aMeister Leonhard -- Das Grillenspiel -- Wie Dr. Hiob Paupersum seiner Tochter rote Rosen brachte -- Amadeus Knödlseder, der unverbesserliche Lämmergeier -- J. H. Obereits Besuch bei den Zeit-egeln -- Der Kardinal Napellus -- Die vier Mondbrüder.
506 _aPublic domain in the USA.
516 _aElectronic text
653 _aFantasy fiction, Austrian
653 _aShort stories
830 0 _aProject Gutenberg
_v32014
856 4 0 _uhttp://www.gutenberg.org/ebooks/32014
942 _cEB
999 _c261269
_d261269